[Event "Olympiad-30"]
[Site "Manila"]
[Date "1992.06.14"]
[Round "6.1"]
[White "Short, Nigel D"]
[Black "Portisch, Lajos"]
[Result "1-0"]
[WhiteElo "2685"]
[BlackElo "2575"]
[Annotator "Chandler,M"]
[PlyCount "141"]
[EventDate "1992.06.08"]
[EventType "team-swiss"]
[EventRounds "14"]
[EventCountry "PHI"]
[SourceTitle "CBM 030"]
[Source "ChessBase"]
[SourceDate "1992.10.01"]
[SourceVersion "1"]
[SourceVersionDate "1992.10.01"]
[SourceQuality "1"]
[WhiteTeam "England"]
[BlackTeam "Hungary"]
[WhiteTeamCountry "ENG"]
[BlackTeamCountry "HUN"]

1. e4 c5 2. Nf3 Nc6 3. d4 cxd4 4. Nxd4 Qc7 $5 5. Nc3 (5. Nb5 Qb8 6. c4 Nf6 {
With some difference to a usual Maroczy bind set-up. After ...e6, ...Be7, ...
0-0 the move ...Rd8 can be useful.}) 5... e6 {Now we have a standard Taimanov
variation.} 6. g3 (6. Be3 a6 7. Bd3 $5 b5 8. Nxc6 Qxc6 9. O-O Bb7 10. Qe2 Nf6
11. f3 $5 Bc5 12. Kh1 Bxe3 13. Qxe3 b4 14. Ne2 O-O 15. Rfc1 $5 {Short,N-Rogers,
I/Manila olm (13)/1992/1-0/42/ ->CBM 30}) 6... d6 7. Bg2 Nxd4 (7... a6 8. O-O
Nf6 {The standard position. Black continues with ...Be7 and ...Bd7.}) 8. Qxd4
Nf6 9. O-O (9. Bg5 Be7 10. O-O-O {Timman,J-Portisch,L/Candidates sf/1989/})
9... Bd7 10. a4 $146 {Short's positional continuation seems a new and powerful
plan.} (10. Re1 Be7 11. e5 dxe5 12. Rxe5 O-O 13. Bf4 Rfd8 $5 {A few games with
this position are played by A.Zapata.}) 10... a6 11. a5 Be7 12. Be3 O-O 13. Qb4
$1 {An unusual square for the queen in a Sicilian, but in addition to dealing
with Short's inevitable Be3-b6 Portisch must now also watch out for White's
pawn push e4-e5 in some positions.} Bc6 14. Bb6 Qb8 (14... Qd7 15. Rad1 d5 16.
Qb3 $14 (16. Bc5 $14)) 15. Rfe1 Re8 16. Qb3 Nd7 17. Na4 Bd8 18. Bxd8 Rxd8 19.
Red1 Qc7 20. Nb6 Nxb6 21. axb6 Qe7 22. Qb4 Kf8 23. c4 Rac8 24. Rd2 Rd7 25. Rad1
Rcd8 {White has significant pressure on the d-pawn and Black is cramped.} 26.
h4 f6 27. Qa5 Rc8 28. Qa3 Rcd8 29. Kh2 Qf7 30. Rd4 Qe7 31. b4 Kg8 32. Bh3 {
The pressure on Black has become untenable - White threatens the immediate 33.
b5 axb5 34.cxb5 Bxb5 35.Qb3! for example, attacking both b5 and e6. Portisch
pragmatically jettisons a pawn to gain some space.} f5 33. exf5 e5 34. R4d2 Kh8
35. Kg1 Qf6 36. Qe3 h6 37. Qe2 Re7 38. Bg2 e4 39. Qe3 Re5 40. Bh3 Ba4 41. Re1
Bd7 42. g4 $2 (42. Rd4 {Short} Bxf5 43. Bxf5 Qxf5 44. Rxe4 {Short: 'White is
simply a pawn up'.}) 42... Qxh4 43. Rxd6 Bc6 44. Red1 $6 Rf8 45. R1d4 Kg8 46.
Kh2 h5 47. Qg3 Qe7 48. gxh5 e3 49. f4 Rfxf5 $6 50. Bxf5 Rxf5 51. Rd8+ Be8 52.
R4d7 $1 {Thanks to Short's faulty 42nd move Black has conjured up dangerous
threats of his own, such as ...e2 and ...Rxh5+. White must enter a queen v
rook+bishop endgame, where there is a serious danger of a positional blockade.}
Rxh5+ 53. Kg1 Qxd7 54. Rxd7 Bxd7 55. Qxe3 Rf5 56. Kf2 Bc6 57. Qe7 Rf6 58. Kg3
Kh7 59. Kg4 Bg2 60. Qe3 Bc6 61. Qd3+ Kg8 62. Kg5 Kf7 63. f5 $1 {This was the
sealed move. As we left the playing hall together at adjournment, Short,myself
and team captain M.Stean seriously feared a positional draw, if Black puts his
rook on h6, and keeps his bishop on c6-h1 diagonal.} Rh6 $6 (63... Kg8 {
We were only marginally cheered by Nigel pointing out he had at least a trap
to play for} 64. Qd8+ Kh7 $2 65. Qxf6 $1 gxf6+ 66. Kxf6 Bd7 67. c5 $1 Kg8 68.
Ke7 Bxf5 69. c6 $18) (63... Kg8 {The most resilient defence} 64. b5 $1 (64.
Qd8+ Kf7 $1) 64... axb5 65. cxb5 Bh1 66. Kf4 $1 Kh7 67. Ke5 $1 Bg2 68. Qe2 Bh1
69. Qf1 Rh6 {With the king on e5 White can decisivly penetrate with...} 70. f6
$1 gxf6+ 71. Ke6 $18) 64. b5 axb5 65. cxb5 Bh1 66. Qd1 $1 {Mutual zugzwang!
White to move has no threat (67.f6? Rg6+!), but any Black move now loses
immediately.} Rh7 (66... Kg8 67. f6 $18) (66... Be4 67. Qd7+ Kf8 68. Qc8+ Ke7
69. Qc5+ Kf7 70. Qc4+ $18) (66... Bg2 67. Qb3+ $1 Kf8 68. Qa3+ Ke8 (68... Kg8
69. Qa2+ $18) 69. Qa2 $18 {/\ Qg8#, Qxg2}) 67. Qd7+ Kf8 68. Qd6+ Kf7 69. Qe6+
Kf8 70. f6 gxf6+ 71. Kg6 1-0

[Event "RUS-ch"]
[Site "Elista"]
[Date "1996.??.??"]
[Round "1"]
[White "Lastin, Alexander"]
[Black "Goldin, Alexander"]
[Result "1-0"]
[WhiteElo "2480"]
[BlackElo "2600"]
[Annotator "Chekhov,V"]
[PlyCount "91"]
[EventDate "1996.10.15"]
[EventType "swiss"]
[EventRounds "11"]
[EventCountry "RUS"]
[SourceTitle "CBM 056"]
[Source "ChessBase"]
[SourceDate "1997.02.01"]
[SourceVersion "1"]
[SourceVersionDate "1997.02.01"]
[SourceQuality "1"]

1. e4 c5 2. Nc3 Nc6 3. Nge2 d6 4. d4 cxd4 5. Nxd4 Nf6 6. f3 e6 7. Be3 Be7 8.
Qd2 O-O 9. g4 Nxd4 (9... d5 10. g5 Nxd4 11. Qxd4 Nd7 12. exd5 Bxg5 13. O-O-O
Bf6 14. Qb4 a5 15. Qa3 Qc7 16. d6 Qc6 17. Ne4 $16 {Tiviakov,S-Jansa,V/Gausdal/
1992/1|0/35/}) (9... a6 $5 10. O-O-O Nxd4 11. Bxd4 b5 12. Kb1 Bb7 13. h4 Rc8
14. g5 Nd7 15. a3 Ne5 16. Qe3 Nc4 17. Bxc4 Rxc4 18. Rhg1 b4 19. axb4 Rxb4 20.
Rg2 $13 {Topalov,V-Kasparov,G/Novgorod/1995/0|1/40/}) 10. Bxd4 Nd7 11. O-O-O a6
12. h4 b5 13. g5 Rb8 $6 {N/} (13... Bb7 $5) (13... b4 $5 14. Ne2 a5 15. f4 Bb7
16. Ng3 Rc8 17. Kb1 e5 18. Be3 exf4 19. Bxf4 Ne5 20. Qe2 Rc5 $132 {Sasu
Ducsoara,A-Cebalo,M/Pula/1996/0|1/43/}) 14. Kb1 Bb7 15. Bh3 $6 (15. Rg1 $5) (
15. a3 $5) 15... b4 16. Ne2 Ne5 17. f4 Nc4 (17... Nf3 18. Qe3 Nxd4 19. Nxd4 $36
) 18. Qd3 Qc7 19. g6 $1 e5 (19... hxg6 20. h5 e5 21. hxg6 exd4 22. Be6 $1 Ne3
23. Nxd4 fxe6 24. Qxe3 $18) 20. gxf7+ Kh8 21. Ba7 Ra8 22. Bf2 Bc8 23. h5 Bf6
24. h6 g6 25. fxe5 Bxe5 26. Bd4 Bxh3 27. Qxh3 (27. Rxh3 $5 Rxf7 28. Rf3 $22
Raf8 29. Rxf7 Qxf7 30. Bxe5+ dxe5 31. b3 Na3+ 32. Kb2 $14) 27... Rxf7 28. Qe6 (
28. Rhf1 $5) 28... Raf8 29. Bxe5+ dxe5 30. Qxa6 Rf2 $44 31. Rhe1 Ne3 32. Rc1
Ng2 33. Red1 Ne3 34. Re1 Nc4 (34... Ng2 35. Red1 $10 (35. Rg1 $5)) 35. Qb5 (35.
Ka1 R2f6 36. Qb5 Rb8 37. Qa4 Qb7 $36) 35... Rb8 36. Qa6 Nd2+ $6 (36... Rbf8 $5)
(36... Na3+ 37. Ka1 $22 (37. bxa3 bxa3+ 38. Ka1 Rxe2 39. Qf6+ Kg8 40. Qe6+ Kh8
$10) 37... Nxc2+ 38. Kb1 Rc8 39. Qd3 Nxe1 40. Rxc7 Nxd3 41. Rxc8+ $18) 37. Ka1
Nxe4 38. Nd4 $1 Nc5 (38... exd4 39. Rxe4 Rd8 40. Rce1 Rff8 (40... Qxc2 41. Re8+
Rf8 42. Qf6+ $1 $18) 41. Re7 Rd7 (41... Qxc2 42. Qb7 $18) 42. Qf6+ $1 $18) 39.
Qc4 Ra8 (39... exd4 $4 40. Qxd4+ Kg8 41. Qxf2 $18) 40. Nb5 Qa5 41. Rxe5 Rf4 42.
Re8+ Rxe8 43. Qxf4 $18 Ne4 (43... Qd8 44. Nd6 $18) 44. Rf1 Qd8 45. Nc7 g5 (
45... Rg8 46. Qe5+ $18) 46. Qf7 1-0

[Event "Match/Nation BUL-FRA"]
[Site "Bulgaria"]
[Date "1985.??.??"]
[Round "2"]
[White "Renet, Olivier"]
[Black "Semkov, Semko"]
[Result "0-1"]
[WhiteElo "2375"]
[BlackElo "2410"]
[Annotator "Chekhov,V"]
[PlyCount "80"]
[EventDate "1985.??.??"]
[EventType "team-schev"]
[EventRounds "12"]
[EventCountry "BUL"]
[SourceTitle "MCL"]
[Source "ChessBase"]
[SourceDate "1999.07.01"]
[SourceVersion "1"]
[SourceVersionDate "1999.07.01"]
[SourceQuality "1"]

1. e4 c5 2. Nf3 Nc6 3. d4 cxd4 4. Nxd4 e6 5. Nc3 a6 6. g3 d6 7. Bg2 Bd7 8. O-O
Nf6 9. b3 (9. Re1 $5) 9... Rc8 10. Bb2 b5 $5 (10... Be7 11. a4 O-O 12. Nxc6
Bxc6 13. Re1 Qc7 14. Qe2 Rfe8 $13 {Shamkovich,L-Sax,G/Rio de Janeiro/1980/})
11. Nce2 (11. a4 $5 b4 12. Nce2) 11... Be7 12. h3 O-O 13. g4 h6 14. f4 Nxd4 15.
Nxd4 d5 16. e5 Ne4 $1 17. Qd3 (17. f5 Bg5 {/\Qc7/}) 17... Qb6 $5 (17... Nc5 18.
Qe3 $13) 18. Kh2 (18. Bxe4 dxe4 19. Qxe4 Bc6 20. Qe3 Ba8 {/\Bc5,Qb7->}) 18...
Rfd8 19. a3 (19. Bxe4 dxe4 20. Qxe4 Bc6 21. Nxc6 Rd2+ 22. Kh1 Qxc6 23. Qxc6
Rxc6 $17) 19... Bh4 20. Rf3 (20. Bxe4 dxe4 21. Qxe4 Bc6 22. Nxc6 Rd2+ 23. Kh1
Qxc6 $17) 20... Qc7 21. Raf1 f6 $1 $17 22. exf6 Bxf6 23. Re3 (23. Kg1 $5) 23...
e5 24. fxe5 Bxe5+ 25. Kg1 Kh8 (25... Bh2+ 26. Kh1 Ng3+ 27. Rxg3 Bxg3 28. Bxd5+
Kh8 29. Rf7 $40) 26. Rf7 Rf8 $1 27. Ne6 $2 (27. Qf1 $2 Bf4 $1) (27. Ref3 $1 Nf6
28. Rxf8+ Rxf8) 27... Bh2+ 28. Kh1 Rxf7 29. Nxc7 Nf2+ 30. Kxh2 Nxd3 $19 31.
Rxd3 Rxc7 32. Bxd5 Rxc2+ 33. Kg3 Re7 34. Bc3 Rce2 35. Bd2 (35. Kf3 Be8 {/\Bg6/}
) 35... Be8 36. Bf3 R2e6 37. Bb4 Re3 $1 38. Rxe3 (38. Rd8 Rd7 {/\Rdd3/}) 38...
Rxe3 39. Kf4 Rxb3 40. h4 g5+ 0-1

[Event "Podolsk"]
[Site "Podolsk"]
[Date "1993.??.??"]
[Round "?"]
[White "Tiviakov, Sergei"]
[Black "Ehlvest, Jaan"]
[Result "1/2-1/2"]
[WhiteElo "2635"]
[BlackElo "2620"]
[Annotator "Chekhov,V"]
[PlyCount "84"]
[EventDate "1993.10.??"]
[EventType "tourn"]
[EventRounds "9"]
[EventCountry "RUS"]
[EventCategory "14"]
[SourceTitle "CBM 038"]
[Source "ChessBase"]
[SourceDate "1994.02.01"]
[SourceVersion "1"]
[SourceVersionDate "1994.02.01"]
[SourceQuality "1"]

1. e4 {Boensch} c5 2. Nf3 d6 3. d4 cxd4 4. Nxd4 Nf6 5. Nc3 a6 6. Be3 e6 7. f3 (
7. Qd2 Nc6 8. f3 Qc7 9. g4 b5 10. O-O-O Be7 11. Nxc6 Qxc6 12. Ne2 O-O 13. Nd4
Qc7 14. h4 Re8 15. g5 Nh5 16. Bh3 $16 {Beshukov,S-Obukhov,A Sochi 1993 1-0 32
-CBM 38}) 7... b5 (7... Nbd7 {Boensch} 8. g4 h6 9. Rg1 $146 Qb6 10. a3 Ne5 11.
Bf2 Qc7 12. f4 Nc4 13. Bxc4 Qxc4 14. Qf3 $16 {Kasparov,G-Kamsky,G Linares (13)
1993 1-0 35 -CBM 34}) 8. g4 Bb7 (8... h6 9. Qd2 (9. h4 Be7 (9... b4 10. Nce2 e5
11. Nb3 d5 12. Ng3 d4 13. Bf2 Be6 14. Bd3 Nbd7 15. Qe2 a5 16. Rg1 g6 17. Nd2
Qc7 18. g5 hxg5 19. hxg5 Nh5 20. Nxh5 Rxh5 $15 {Brunner,L-Vera,R Luzern WchT 
(SUI-CUB) (4) 1993 0-1 35 -CBM 38}) 10. Rg1 Nfd7 11. g5 hxg5 12. hxg5 g6 13.
Qd2 Bb7 14. O-O-O Nc6 15. Kb1 Qc7 16. Nxc6 Qxc6 $10 {Anand,V-Polugaevsky,L
Monaco rapid (02) 1993 0-1 52}) 9... Nbd7 (9... Bb7 {Boensch} 10. h4 b4 11.
Nce2 d5 12. e5 Nfd7 13. f4 Nc5 14. Bg2 Nbd7 15. O-O-O Be7 16. g5 h5 17. f5 $1
$40 {Anand,V-Ftacnik,L Biel izt (03) 1993 1-0 37 -CBM 37}) 10. O-O-O Bb7 11. h4
b4 12. Nce2 d5 13. Ng3 Qa5 14. Kb1 dxe4 15. Nxe4 {Nunn,J-Polugaevsky,L /
Hastings/1992 Inf 56/236/} O-O-O $5 16. Nb3 Qc7 17. Qf2 $13) 9. g5 (9. Qd2 Qa5
$5 (9... Nfd7 {Boensch} 10. O-O-O Nb6 11. Bd3 N8d7 12. Qf2 Rc8 13. Nce2 Be7 14.
Kb1 O-O 15. h4 d5 16. g5 dxe4 17. fxe4 Nc4 18. Bc1 Qb6 19. Qg2 Nde5 $132 {
Adams,M-Georgiev,Kr Elenite (02) 1993 1-0 32 -CBM 38}) (9... Be7 {Boensch} 10.
O-O-O Nfd7 11. g5 Nc5 12. h4 b4 13. Nce2 Nbd7 14. Kb1 Qb6 15. h5 O-O-O $10 {
De la Villa Garcia,J-Modr,B EUCup Gr7 Barcelona (1) (UGA-Bohemians [5]) 1993})
10. a3 Nc6 11. Nxc6 Bxc6 12. O-O-O Be7 13. Kb1 Rb8 14. Bd4 Qc7 15. g5 Nd7 16.
Bxg7 Rg8 17. Bd4 a5 18. h4 b4 19. Na2 bxa3 20. b3 d5 21. Bd3 dxe4 22. Bxe4 Bxe4
23. fxe4 a4 24. Rh3 {Chandler,M-Suba,M /Blaskpool/1990 1/2:1/2 Inf 49/255/})
9... Nfd7 10. Qd2 Nb6 (10... Qa5 11. Nb3 Qc7 12. Qf2 Nc6 13. O-O-O Nce5 14. Nd4
Rc8 15. Kb1 Nc5 16. a3 Be7 17. h4 O-O 18. h5 $14 {Frolov,A-Ginsburg,G /
Smolensk/1992 Inf 55/239/}) 11. O-O-O N8d7 12. Qg2 $5 Rc8 $6 (12... Be7 $5) (
12... b4 {Boensch} 13. Nb1 Ne5 14. Nd2 Qc7 15. Kb1 g6 16. h4 h5 17. gxh6 Bxh6
18. Bxh6 Rxh6 19. h5 O-O-O $10 {Ernst,T-Novikov,I London Loyds (06) 1991 1/2 30
}) 13. g6 $1 hxg6 14. Nxe6 Qe7 (14... fxe6 15. Qxg6+ Ke7 16. Bg5+ Nf6 17. e5
$40) (14... Qf6 $5 {Boensch}) 15. Nf4 Rxc3 $8 16. bxc3 Na4 17. Bd4 d5 18. Nxd5
(18. exd5 {Boensch} Qa3+ 19. Kd2 Bd6 $132) 18... Qa3+ 19. Kd2 Bd6 20. Bxg7 $16
Rh5 (20... Rg8 21. Nf6+ Nxf6 22. Bxf6 Bf4+ 23. Ke1) 21. Qg4 $6 (21. Nf6+ $5
Nxf6 22. Bxf6 Be5 23. Bxe5 Rxe5 24. Bd3 $16) 21... Ne5 22. Bxe5 Rxe5 23. Ke1
Bxd5 (23... Nxc3 $2 24. Nf6+ Ke7 25. Qd7+ Kxf6 26. Qxd6+ $18) 24. Qc8+ Ke7 25.
Rxd5 Rxd5 26. Qb7+ (26. exd5 Qc1+ $40) 26... Kf8 27. Qxd5 Nxc3 28. Qd2 Nxe4 $1
$44 29. Qh6+ (29. fxe4 $4 {Boensch} Bb4 $19) 29... Kg8 30. Bd3 (30. fxe4 Qf3 $1
) 30... Qb4+ (30... Qxa2 {Boensch} 31. Ke2 $13 (31. Bxe4 $2 Qa1+ 32. Ke2 Qxh1
$19)) 31. Kf1 $8 (31. Ke2 Bf4 $1 32. Qh4 Qd2+ 33. Kf1 Qd1+ 34. Kg2 Qd2+ $10)
31... Bf4 32. Qh4 (32. Qxf4 $2 {Boensch} Nd2+ $19) 32... Ng5 33. Kg2 Qd6 34.
Re1 Ne6 35. Kh1 Bd2 36. Re2 Bc3 37. Qg3 (37. Qg4 $5) 37... Nf4 38. Re4 Be5 39.
Qg5 $6 (39. Bf1 $5 f5 40. Re3) 39... Nxd3 40. cxd3 Qxd3 $10 41. Rxe5 Qf1+ 42.
Qg1 Qxf3+ 1/2-1/2

[Event "Interzonal-14b"]
[Site "Szirak"]
[Date "1987.??.??"]
[Round "13"]
[White "De la Villa Garcia, Jesus Maria"]
[Black "Ljubojevic, Ljubomir"]
[Result "1/2-1/2"]
[WhiteElo "2485"]
[BlackElo "2625"]
[Annotator "ChessBase"]
[PlyCount "109"]
[EventDate "1987.07.??"]
[EventType "tourn"]
[EventRounds "17"]
[EventCountry "HUN"]
[EventCategory "12"]
[SourceTitle "CBM 003"]
[Source "ChessBase"]
[SourceDate "1988.04.01"]
[SourceVersion "1"]
[SourceVersionDate "1988.04.01"]
[SourceQuality "1"]

1. e4 c5 2. Nf3 d6 3. d4 cxd4 4. Nxd4 Nf6 5. Nc3 a6 6. Be3 e6 7. Qd2 Be7 8. f3
Nc6 9. O-O-O Bd7 $6 (9... Qc7 $6) (9... d5) 10. g4 Rc8 11. g5 Nh5 12. Nxc6 $1
Bxc6 13. f4 b5 $1 14. Be2 b4 15. Nd5 exd5 16. Bxh5 $1 dxe4 17. f5 Qa5 18. Kb1
Bd7 19. f6 Be6 20. b3 gxf6 21. Bd4 Rg8 22. gxf6 e3 23. Qe2 Bd8 24. Bxe3 (24.
Rd3 $142 $1 {/\ Re3+/- de la Villa Garcia,J}) 24... Rxc2 25. Qxc2 Bf5 26. Rd3
Bxd3 27. Bxf7+ Kxf7 28. Qxd3 Rg6 29. Qc4+ Kf8 30. Rf1 Qb5 31. Qxb5 axb5 32. Bf4
d5 33. Bd6+ Kf7 34. Bxb4 Rxf6 35. Rxf6+ Kxf6 36. a4 bxa4 37. bxa4 Ke5 38. Kc2
Kd4 39. Kb3 Bb6 40. a5 Ba7 41. Bd6 Ke3 42. Bc7 Ke2 43. a6 h5 44. h4 d4 45. Bf4
d3 46. Kc3 Be3 47. Bxe3 Kxe3 48. a7 d2 49. a8=Q d1=Q 50. Qe8+ Kf4 51. Qe7 Kg4
52. Qe4+ Kg3 53. Qd3+ Qxd3+ 54. Kxd3 Kxh4 55. Ke2 1/2-1/2

[Event "URS-ch55"]
[Site "Moscow"]
[Date "1988.07.??"]
[Round "15"]
[White "Khalifman, Alexander"]
[Black "Kasparov, Garry"]
[Result "1/2-1/2"]
[WhiteElo "2530"]
[BlackElo "2760"]
[Annotator "ChessBase"]
[PlyCount "68"]
[EventDate "1988.07.??"]
[EventType "tourn"]
[EventRounds "17"]
[EventCountry "URS"]
[EventCategory "14"]
[SourceTitle "URS-ch"]
[Source "ChessBase"]
[SourceDate "1999.07.01"]
[SourceVersion "1"]
[SourceVersionDate "1999.07.01"]
[SourceQuality "1"]

1. e4 c5 2. Nf3 e6 3. d4 cxd4 4. Nxd4 Nf6 5. Nc3 d6 6. Be3 a6 7. Qd2 Be7 8. f3
Nc6 9. O-O-O O-O (9... d5 10. exd5 Nxd5 11. Nxd5 Qxd5 12. Nb3 $14) 10. g4 Rb8 (
10... Nd7 11. h4 Nde5 12. Nxc6 bxc6 13. Be2 Rb8 14. g5 d5 15. Bd4 $5) 11. h4
Nxd4 12. Bxd4 Nd7 13. g5 b5 14. Kb1 Qc7 (14... Re8 15. Rg1) 15. h5 b4 16. Ne2 (
16. Na4 Nc5 $1 (16... Ne5 $6 17. Qf2 Bd7 18. Nb6 $13) 17. Nxc5 dxc5 $10 18. Bf6
$2 gxf6 19. gxf6 Bxf6 20. Rg1+ Kh8 21. Qh6 Qe7) 16... Ne5 (16... e5 17. Be3 Nc5
) 17. Ng1 $1 (17. f4 Nc4 18. Qd3 e5 19. Nc1 Be6) 17... f5 $1 (17... Nc4 18.
Bxc4 Qxc4 19. b3 Qc6 20. g6 $40 (20. h6 $40)) 18. gxf6 Bxf6 19. h6 g6 20. b3 $1
(20. f4 Ng4 $1 $17) 20... Bb7 (20... Qe7 $1) 21. Bh3 Qe7 22. Rh2 $6 (22. Bb2 $1
Nxf3 23. Nxf3 Bxb2 24. Kxb2 Rxf3 25. Qxb4 $16) 22... a5 $1 23. Re2 Nf7 24. Bxf6
Qxf6 25. f4 Rbc8 $6 (25... e5 $1 26. f5 Ng5 $1 $36) 26. Nf3 $1 (26. e5 dxe5 27.
fxe5 Qe7 $1 28. Qd7 Qxd7 29. Rxd7 Bd5 $17) 26... Qc3 $5 (26... Rc3 27. Ng5 Nxg5
28. fxg5 Qe5 29. Bg2 $16) (26... a4 27. Qxb4 Qxf4 28. Nd4 $16) 27. Re3 Qxd2 28.
Rxd2 $2 (28. Nxd2 $1 {/\ Nc4+/-}) 28... Rc3 $1 29. Rxc3 (29. Rdd3 Rxd3 30. cxd3
Nxh6 $17) 29... bxc3 30. Rd3 Bxe4 (30... Nxh6 31. Bxe6+ Kg7 32. Rxc3 $10) 31.
Rxc3 Bxf3 32. Bxe6 $1 (32. Rxf3 Ng5 33. Re3 Nxh3 34. Rxh3 Rxf4 $19) 32... Bh5 (
32... Be2 33. Rc7 Bb5 34. a4 Be8 35. b4 $1 $16) 33. Rc7 g5 34. fxg5 Re8 (34...
Re8 35. Bf5 $1 Bg6 36. Bxg6 hxg6 37. Kb2 Nxg5 38. Rg7+ Kh8 39. Rxg6 Ne4 40. Rg7
$10) 1/2-1/2

[Event "Olympiad-29"]
[Site "Novi Sad"]
[Date "1990.11.30"]
[Round "12"]
[White "Diaz Diaz, Joaquin Carlos"]
[Black "Espig, Lutz"]
[Result "1-0"]
[WhiteElo "2420"]
[BlackElo "2505"]
[Annotator "ChessBase"]
[PlyCount "87"]
[EventDate "1990.11.17"]
[EventType "team-swiss"]
[EventRounds "14"]
[EventCountry "YUG"]
[SourceTitle "TD"]
[Source "ChessBase"]
[SourceDate "1994.03.01"]
[SourceVersion "1"]
[SourceVersionDate "1994.03.01"]
[SourceQuality "1"]
[WhiteTeam "Cuba"]
[BlackTeam "German Dem Rep"]
[WhiteTeamCountry "CUB"]
[BlackTeamCountry "DDR"]

1. e4 c5 2. Nf3 e6 3. d4 cxd4 4. Nxd4 Nf6 5. Nc3 d6 6. Be3 a6 7. f3 b5 8. Qd2
Bb7 9. O-O-O Nbd7 10. g4 Nb6 11. Bd3 (11. Qf2 Nfd7 12. Bd3 Rc8 13. h4 Rxc3 14.
bxc3 Qc7 15. Be2 d5 16. e5 Na4 {Campora-Yudasin, Moskva 1989}) (11. Ncxb5 axb5
12. Bxb5+ Nfd7 13. Qb4 Nc8 14. Nc6 Bxc6 15. Bxc6 Rxa2 $13 {Tischbierek-Vogt,
Straslund 1988}) 11... Rc8 12. h4 Nfd7 13. Bg5 (13. g5 Ne5) 13... Qc7 14. h5
Ne5 15. Kb1 Nec4 16. Bxc4 (16. Qe1 Nxb2 17. Ncxb5 (17. Kxb2 Qxc3+ 18. Qxc3 Na4+
) 17... axb5 18. Bxb5+ Nd7 19. Kxb2 h6 $146) 16... Nxc4 17. Qd3 h6 (17... Qc5
$6 18. Bc1 Na3+ 19. bxa3 Qxc3 20. Qxc3 Rxc3 21. Bb2 Rc4 22. h6 $14) 18. Bc1 Be7
19. Rhg1 Bf6 20. f4 {[#]} Na3+ (20... O-O 21. e5 (21. g5 hxg5 22. fxg5 Be5) (
21. b3 Qa5 $5 22. bxc4 $142 Bxd4 23. Qxd4 Rxc4) 21... dxe5 22. g5 hxg5 23. fxg5
e4 24. Nxe4 Bxd4 25. Qxd4 Na3+ 26. bxa3 Qxc2+ 27. Ka1 Bxe4 $17) 21. bxa3 Qxc3
22. Bb2 Qc4 23. Rd2 O-O 24. Re1 Rfe8 $6 (24... Rfd8 25. Nb3 Bxb2 26. Kxb2 Ba8 {
P d5} 27. Nd4 Qa4 28. Qb3 Rc4 29. Qxa4 bxa4 $17) 25. Nb3 Bxb2 26. Kxb2 d5 (
26... Ba8 $1) 27. Na5 Qc7 28. Nxb7 Qxb7 (28... dxe4 29. Qd7 (29. Qxe4 $2 Qc3+)
29... Qc3+ 30. Kb1 Re7 31. Qxe7 Qxd2 32. Rc1 e3 33. Nd6 Rf8 34. Ne4 $18) 29.
exd5 b4 $6 (29... exd5 30. Rxe8+ Rxe8 31. Qxd5 Qxd5 32. Rxd5 Re4 $10) 30. a4
Red8 31. d6 Qc6 32. Re3 Rd7 33. f5 Rcd8 $2 (33... exf5 34. Qxf5 (34. gxf5 Rcd8
35. Qe4 $1 $16) 34... Qc3+ $1 35. Kb1 (35. Rxc3 bxc3+ 36. Ka3 cxd2 37. Qxd7 Rf8
$19) 35... Qxd2 36. Re7 Qd1+ 37. Kb2 Rxc2+ (37... Qd4+ 38. Kb1 Rdd8 39. d7 $1)
38. Qxc2 Qxc2+ 39. Kxc2 Rxd6 $17) 34. fxe6 fxe6 35. Rxe6 $18 Qxa4 36. Qe4 Rf8
37. Re8 Qa3+ 38. Kb1 Rdf7 39. Rxf8+ Rxf8 40. Qc4+ Kh8 41. d7 Qa5 42. Qc8 Rd8
43. Re2 Kh7 44. Qc6 1-0

[Event "Interzonal-14b"]
[Site "Szirak"]
[Date "1987.??.??"]
[Round "9"]
[White "De la Villa Garcia, Jesus Maria"]
[Black "Adorjan, Andras"]
[Result "1/2-1/2"]
[WhiteElo "2485"]
[BlackElo "2540"]
[Annotator "ChessBase"]
[PlyCount "28"]
[EventDate "1987.07.??"]
[EventType "tourn"]
[EventRounds "17"]
[EventCountry "HUN"]
[EventCategory "12"]
[SourceTitle "CBM 003"]
[Source "ChessBase"]
[SourceDate "1988.04.01"]
[SourceVersion "1"]
[SourceVersionDate "1988.04.01"]
[SourceQuality "1"]

1. e4 c5 2. Nf3 d6 3. d4 cxd4 4. Nxd4 Nf6 5. Nc3 a6 6. Be3 e6 7. Qd2 b5 8. f3
Nbd7 9. g4 h6 10. O-O-O Bb7 11. Bd3 Ne5 12. Rhe1 b4 13. Na4 d5 14. exd5 Nxd5 (
14... Nxd5 $16 15. Bf2 $1 Bd6 (15... Qg5 16. Be4 $1 Qxd2+ 17. Rxd2 Nc4 18. Nxe6
$1 Nxd2 19. Nc7+ $1 Kd8 20. Bxd5 Bxd5 21. Nxd5 Nxf3 22. Rd1 $16) (15... Nxd3+
16. Qxd3 Be7 17. Nxe6 $1 fxe6 18. Qg6+ Kf8 19. Nc5 Bxc5 20. Bxc5+ Kg8 21. Qxe6+
Kh7 22. Qf5+ Kg8 23. Re7 $1 $16) 16. Bf5 $1 {/\ Ne6+/-}) 1/2-1/2

[Event "Espoo zt"]
[Site "Espoo"]
[Date "1989.??.??"]
[Round "?"]
[White "Wedberg, Tom Birger"]
[Black "Olafsson, Helgi"]
[Result "1-0"]
[WhiteElo "2515"]
[BlackElo "2545"]
[Annotator "ChessBase"]
[PlyCount "65"]
[EventDate "1989.07.??"]
[EventType "tourn"]
[EventRounds "13"]
[EventCountry "FIN"]
[EventCategory "11"]
[SourceTitle "CBM 014"]
[Source "ChessBase"]
[SourceDate "1990.02.01"]
[SourceVersion "1"]
[SourceVersionDate "1990.02.01"]
[SourceQuality "1"]

1. e4 c5 2. Nf3 d6 3. d4 cxd4 4. Nxd4 Nf6 5. Nc3 a6 6. Be3 e6 7. f3 Nbd7 8. g4
h6 9. h4 Ne5 10. Be2 {!; Nunn} (10. Rg1 Qb6 {Short,N-Kasparov,G/London 30 min/
1988/} 11. Qd2 $2 Qxd4 $1) 10... d5 11. f4 Nc4 (11... Nc6 12. exd5 exd5 13. g5
hxg5 14. fxg5 Ne4 15. Nxc6 bxc6 16. Nxe4 dxe4 17. Qxd8+ Kxd8 18. O-O-O+ $14)
12. Bxc4 dxc4 13. Qf3 h5 (13... b5 $2 14. e5 Nd5 15. Nxd5 Bb7 $2 16. Nf6+ $1)
14. O-O-O (14. g5 $1 Ng4 15. Bg1 $14) 14... hxg4 (14... Nxg4 $2 15. Nc6 $1) 15.
Qf2 Qc7 (15... Qa5 16. Nc6 bxc6 17. Bb6 $1) 16. e5 Nd7 17. f5 Nc5 (17... Nxe5
18. fxe6 fxe6 19. Ne4 $44) 18. Bg5 b5 (18... Be7 19. f6 gxf6 20. Bxf6 Bxf6 21.
Qxf6 $40) 19. fxe6 Bxe6 20. Nxe6 Nxe6 21. Nd5 Qa7 22. Qg2 Rc8 23. Qxg4 b4 24.
Rhf1 Qb7 (24... b3 25. axb3 cxb3 26. Qa4+ $1) 25. Qf3 Qa7 26. Be7 $1 Nd8 27.
Nc7+ $1 Rxc7 (27... Kxe7 28. Qf6+ $1 gxf6 29. exf6#) (27... Qxc7 28. Rxd8+ Kxe7
29. Rxc8 Qxc8 30. Qxf7+ Kd8 31. Rd1+ $18) 28. Rxd8+ Kxe7 29. Qd5 Qe3+ 30. Kb1
f5 31. exf6+ gxf6 32. Qd6+ Kf7 33. Qxf6+ 1-0